000
00302nam a2200085Ia 4500
245
0
_a
Twenty-six ways of looking at a blackberry : how to let writing release the creativity of your brand
100
_a
SIMMONS, John London, 2009
_9
96097
942
_c
BK
008
210817s9999 xx 000 0 und d
999
_c
402429
_d
402428